Central Library OPAC University of Rajshahi

The United States and India, Pakistan, Bangladesh / (Record no. 1773)

MARC details
000 -LEADER
fixed length control field 01024cam a2200313 4500
001 - CONTROL NUMBER
control field 1773
003 - CONTROL NUMBER IDENTIFIER
rucl marc code BD-RjUL
005 - DATE AND TIME OF LATEST TRANSACTION
control field 20211208233416.0
008 - FIXED-LENGTH DATA ELEMENTS--GENERAL INFORMATION
fixed length control field 131209s1972 maub b 001 0 eng
020 ## - INTERNATIONAL STANDARD BOOK NUMBER
International Standard Book Number 0674924460
035 ## - SYSTEM CONTROL NUMBER
System control number (BD-RjUL)1800
040 ## - CATALOGING SOURCE
Original cataloging agency DLC
Transcribing agency DLC
Modifying agency DLC
-- BD-RjUL
Language of cataloging eng
041 ## - LANGUAGE CODE
Language code of text/sound track or separate title eng
082 00 - DEWEY DECIMAL CLASSIFICATION NUMBER
Classification number 954.4
Author mark and year BRU 1972
100 1# - MAIN ENTRY--PERSONAL NAME
Personal name Brown, W. Norman
Fuller form of name (William Norman),
Dates associated with a name 1892-1975.
9 (RLIN) 5871
245 14 - TITLE STATEMENT
Title The United States and India, Pakistan, Bangladesh /
Statement of responsibility, etc. by W. Norman Brown.
250 ## - EDITION STATEMENT
Edition statement [3d ed.]
260 ## - PUBLICATION, DISTRIBUTION, ETC. (IMPRINT)
Place of publication, distribution, etc. Cambridge,
Name of publisher, distributor, etc. Harvard University Press,
Date of publication, distribution, etc. 1972.
300 ## - PHYSICAL DESCRIPTION
Pagination ix, 462 p.
Illustrations map.
Size 25 cm.
500 ## - GENERAL NOTE
General note Previous editions published under title: The United States and India and Pakistan.
504 ## - BIBLIOGRAPHY, ETC. NOTE
Bibliography, etc Bibliography: p. 423-440.
651 #0 - SUBJECT ADDED ENTRY--GEOGRAPHIC NAME
Geographic name India
General subdivision History
Chronological subdivision 1947-
9 (RLIN) 5873
Geographic name Pakistan
General subdivision History.
9 (RLIN) 5874
Geographic name Bangladesh
General subdivision History.
9 (RLIN) 487
942 ## - ADDED ENTRY ELEMENTS (KOHA)
Source of classification or shelving scheme Dewey Decimal Classification
Koha item type Books
Holdings
Lost status Source of classification or shelving scheme Damaged status Not for loan Collection code Permanent Location Current Location Shelving location Date acquired Source of acquisition Cost, normal purchase price Total Checkouts Full call number Date last seen Date checked out Copy number Koha item type
  Dewey Decimal Classification     Non-fiction Central Library, University of Rajshahi Central Library, University of Rajshahi   30/03/1974 Oxford university press 54.00 1 954.4 BRU 1972 05/12/2018 10/09/2018 C-3 Books